000
00276nam a2200121Ia 4500
008
220216s9999 xx 000 0 und d
100
_a
Rodway H
245
0
_a
Rubber to the rescue
260
_b
Rubber Developments
_c
1977
300
_a
9-Jun
650
_a
Rubber
942
_c
JS
999
_c
68074
_d
68074